Über das Studium der Geschichte: der Text der "Weltgeschichtlichen Betrachtungen"
| Subtitles: | Der Text der "Weltgeschichtlichen Betrachtungen" |
|---|---|
| Main Author: | |
| Contributors: | ; |
| Format: | Print Book |
| Language: | German |
| Subito Delivery Service: | Order now. |
| Check availability: | HBZ Gateway |
| WorldCat: | WorldCat |
| Interlibrary Loan: | Interlibrary Loan for the Fachinformationsdienste (Specialized Information Services in Germany) |
| Published: |
München
Beck
1982
|
| In: | Year: 1982 |
| Standardized Subjects / Keyword chains: | B
World history
B Burckhardt, Jacob 1818-1897, Weltgeschichtliche Betrachtungen B History studies / Geschichte 1897 |
| Further subjects: | B
History
Historical studies
B Introduction B Geschichte 1897 B Burckhardt, Jacob <Historiker> B Religion, Staat, Einleitung, Studium, Weltgeschichte B Weltgeschichtliche Betrachtungen |
| Online Access: |
Table of Contents Table of Contents |
MARC
| LEADER | 00000cam a2200000 c 4500 | ||
|---|---|---|---|
| 001 | 023881291 | ||
| 003 | DE-627 | ||
| 005 | 20251219210503.0 | ||
| 007 | tu | ||
| 008 | 710101s1982 gw ||||| 00| ||ger c | ||
| 015 | |a 81,N40,0276 |2 dnb | ||
| 015 | |a 82,A23,1175 |2 dnb | ||
| 016 | 7 | |a 810871343 |2 DE-101 | |
| 020 | |a 3406082793 |9 3-406-08279-3 | ||
| 035 | |a (DE-627)023881291 | ||
| 035 | |a (DE-603)007506929 | ||
| 035 | |a (DE-576)00873075X | ||
| 035 | |a (DE-599)GBV023881291 | ||
| 035 | |a (OCoLC)09161109 | ||
| 035 | |a (OCoLC)721003175 | ||
| 035 | |a (OCoLC)612788869 | ||
| 035 | |a (DE-604)8000247677 | ||
| 035 | |a (DE-615)00292070 | ||
| 040 | |a DE-627 |b ger |c DE-627 |e rakwb | ||
| 041 | |a ger | ||
| 044 | |c XA-DE-BY | ||
| 050 | 0 | |a D16.2 | |
| 082 | 0 | |a 907 |q OCLC | |
| 084 | |a 63 |2 sdnb | ||
| 084 | |a RS |2 fivr | ||
| 084 | |a SA02 |2 fivs | ||
| 084 | |a 1 |2 ssgn | ||
| 084 | |a NK 7800 |2 rvk |0 (DE-625)rvk/126246: | ||
| 084 | |a CG 2104 |2 rvk |0 (DE-625)rvk/18184:11603 | ||
| 084 | |a NB 4300 |2 rvk |0 (DE-625)rvk/124095: | ||
| 084 | |a NB 6128 |2 rvk |0 (DE-625)rvk/124171: | ||
| 084 | |a 15.03 |2 bkl | ||
| 100 | 1 | |0 (DE-588)11851752X |0 (DE-627)134191218 |0 (DE-576)160484456 |4 aut |a Burckhardt, Jacob |d 1818-1897 | |
| 109 | |a Burkchardt, Jakob 1818-1897 |a Burkhardt, Jacob 1818-1897 |a Burckhardt, Jakub 1818-1897 |a Burckhardt, Jacob Christoph 1818-1897 |a Burckardt, Jacob 1818-1897 |a Burckhardt, Jacob 1818-1897 |a Burckhardt, Jakob Christoph 1818-1897 |a Burghardt, Jakob Christoph 1818-1897 |a Burckardt, Jacopo 1818-1897 |a Burckhardt, Jakob C. 1818-1897 |a Burckhardt, Jac. 1818-1897 |a Burckhardt, Jacob the Younger 1818-1897 |a Burckhardt, Jacopo 1818-1897 |a Burckhardt, Jacob Sohn 1818-1897 |a Burukuharuto, Yākopu 1818-1897 |a Burckhardt, Jacob der Jüngere 1818-1897 |a Mpurkchart, Giakomp 1818-1897 |a Burḳharṭ, Yaʿaḳov 1818-1897 |a Burchhardt, Jacob 1818-1897 |a Purŭk’ŭharŭt’ŭ, Yak’op 1818-1897 |a Burckhardt, Jakob 1818-1897 |a Buhehake 1818-1897 |a Burckhardt, Jacques 1818-1897 |a Burckhardt, Jakob Christoff 1818-1897 |a Burckhardt, Jakab 1818-1897 |a Burkhart, Jakob 1818-1897 |a Burckhardt-Woelfflin 1818-1897 |a Burckhardt-Nietzsche 1818-1897 | ||
| 240 | 1 | 0 | |a Weltgeschichtliche Betrachtungen |
| 245 | 1 | 0 | |a Über das Studium der Geschichte |b der Text der "Weltgeschichtlichen Betrachtungen" |c Jacob Burckhardt. Auf Grund der Vorarbeiten von Ernst Ziegler nach den Handschriften hrsg. von Peter [Felix] Ganz |
| 246 | 3 | 3 | |a Der Text der "Weltgeschichtlichen Betrachtungen" |
| 264 | 1 | |a München |b Beck |c 1982 | |
| 300 | |a 582 S. |b 4 Faks. | ||
| 336 | |a Text |b txt |2 rdacontent | ||
| 337 | |a ohne Hilfsmittel zu benutzen |b n |2 rdamedia | ||
| 338 | |a Band |b nc |2 rdacarrier | ||
| 583 | 1 | |a Archivierung/Langzeitarchivierung gewährleistet |c 20211025 |f SLG |x XA-DE-BW |z Buchnachlass |2 pdager |5 DE-25 | |
| 583 | 1 | |a Archivierung/Langzeitarchivierung gewährleistet |c 20211220 |f SLG |x XA-DE-BW |z Provenienz |2 pdager |5 DE-25 | |
| 583 | 1 | |a Archivierung/Langzeitarchivierung gewährleistet |f SSG |x XA-DE-BW |2 pdager |5 DE-21 | |
| 600 | 1 | 4 | |a Burckhardt, Jacob <Historiker> |
| 601 | |a Studium | ||
| 601 | |a Geschichte | ||
| 601 | |a Betrachtung | ||
| 630 | 0 | 4 | |a Weltgeschichtliche Betrachtungen |
| 648 | 7 | |a Geschichte 1897 |2 gnd | |
| 650 | 4 | |a Geschichte |x Geschichtswissenschaft | |
| 650 | 4 | |a Religion, Staat, Einleitung, Studium, Weltgeschichte | |
| 655 | 7 | |a Einführung |0 (DE-588)4151278-9 |0 (DE-627)104450460 |0 (DE-576)209786884 |2 gnd-content | |
| 689 | 0 | 0 | |d s |0 (DE-588)4079158-0 |0 (DE-627)106075454 |0 (DE-576)209211148 |2 gnd |a Weltgeschichte |
| 689 | 0 | |5 DE-101 | |
| 689 | 1 | 0 | |d u |0 (DE-588)4137310-8 |0 (DE-627)105650986 |0 (DE-576)20967654X |a Burckhardt, Jacob |2 gnd |d 1818-1897 |t Weltgeschichtliche Betrachtungen |
| 689 | 1 | |5 DE-101 | |
| 689 | 2 | 0 | |d s |0 (DE-588)4131152-8 |0 (DE-627)105697044 |0 (DE-576)209625074 |2 gnd |a Geschichtsstudium |
| 689 | 2 | 1 | |q z |2 gnd |a Geschichte 1897 |
| 689 | 2 | |5 (DE-627) | |
| 700 | 1 | |e Hrsg. |0 (DE-588)105692999 |0 (DE-627)590332392 |0 (DE-576)161057934 |4 edt |a Ganz, Peter F. |d 1920-2006 | |
| 700 | 1 | |0 (DE-588)1049620208 |0 (DE-627)782398820 |0 (DE-576)403608902 |4 oth |a Ziegler, Ernst |d 1847-1902 | |
| 700 | 1 | 2 | |a Burckhardt, Jacob |d 1818-1897 |t Weltgeschichtliche Betrachtungen |
| 856 | 4 | 2 | |u http://www.gbv.de/dms/hebis-darmstadt/toc/7506929.pdf |m V:DE-603 |m B:DE-17 |q pdf/application |x Verlag |y Inhaltsverzeichnis |3 Inhaltsverzeichnis |7 1 |
| 856 | 4 | 2 | |u http://scans.hebis.de/HEBCGI/show.pl?00750692_toc.pdf |m V:DE-603;B:DE-17 |q application/pdf |3 Inhaltsverzeichnis |7 1 |
| 889 | |w (DE-627)023913061 | ||
| 889 | |w (DE-627)438529871 | ||
| 935 | |a GIRA | ||
| 935 | |i Blocktest | ||
| 936 | r | v | |a NK 7800 |b Gesamtausgaben deutscher und österreichischer Historiker |k Geschichte |k Weltgeschichte, Darstellungen Allgemeine Geschichte einzelner Staaten und Völker Teilgebiete der Geschichte, Sammelwerke |k Allgemeine Sammelwerke und Sammelbiografien |k Gesamtausgaben deutscher und österreichischer Historiker |0 (DE-627)1271458179 |0 (DE-625)rvk/126246: |0 (DE-576)201458179 |
| 936 | r | v | |a CG 2104 |b Einzelschriften |k Philosophie |k Geschichte der Philosophie |k Geschichte der Philosophie des Abendlandes von Antike bis 20. Jahrhundert |k Philosophie des 19. Jahrhunderts |k Deutschland und deutschsprachige Gebiete |k Autoren |k Autoren B |k Burckhardt, Jacob |k Einzelschriften |0 (DE-627)1271851784 |0 (DE-625)rvk/18184:11603 |0 (DE-576)201851784 |
| 936 | r | v | |a NB 4300 |b Geschichtsphilosophie vom 19. Jahrhundert bis zur Gegenwart |k Geschichte |k Geschichte als Wissenschaft und Unterrichtsfach |k Geschichtsphilosophie |k Das Geschichtsdenken einzelner Zeiträume |k Neuzeit |k Geschichtsphilosophie vom 19. Jahrhundert bis zur Gegenwart |0 (DE-627)1271143534 |0 (DE-625)rvk/124095: |0 (DE-576)201143534 |
| 936 | r | v | |a NB 6128 |b Burckhardt, Jacob (Historiker) |k Geschichte |k Geschichte als Wissenschaft und Unterrichtsfach |k Geschichte der Geschichtsschreibung und der Geschichtswissenschaft |k Historiker vom 19. Jahrhundert bis zur Gegenwart |k Deutschsprachige Historiker |k Einzelne Historiker |k Historiker B |k Burckhardt, Jacob (Historiker) |0 (DE-627)1271448777 |0 (DE-625)rvk/124171: |0 (DE-576)201448777 |
| 936 | b | k | |a 15.03 |j Theorie und Methoden der Geschichtswissenschaft |0 (DE-627)106413589 |
| 936 | f | i | |0 (DE-627)1756134723 |a RS |b Ohne direkten Regionalbezug |k Ohne direkten Regionalbezug |2 fivr |
| 936 | f | i | |0 (DE-627)1756135258 |a SA02 |b Geschichte |k Allgemeine Literatur |k Geschichte |2 fivs |
| 938 | 1 | 0 | |0 (DE-627)1756175241 |0 (DE-615)6605525 |a Weltgeschichte |2 fivt |
| 951 | |a BO | ||
| ELC | |b 1 | ||
| ITA | |a 1 |t 1 | ||
| LOK | |0 000 xxxxxcx a22 zn 4500 | ||
| LOK | |0 001 3174456894 | ||
| LOK | |0 003 DE-627 | ||
| LOK | |0 004 023881291 | ||
| LOK | |0 005 20020518000000 | ||
| LOK | |0 008 960112||||||||||||||||ger||||||| | ||
| LOK | |0 040 |a DE-21 |c DE-627 |d DE-21 | ||
| LOK | |0 852 |a DE-21 | ||
| LOK | |0 852 1 |c 22 A 3669 |9 00 | ||
| LOK | |0 935 |a comp |a konv | ||
| LOK | |0 939 |a 12-01-96 |b l01 | ||
| LOK | |0 000 xxxxxcx a22 zn 4500 | ||
| LOK | |0 001 3174456967 | ||
| LOK | |0 003 DE-627 | ||
| LOK | |0 004 023881291 | ||
| LOK | |0 005 20230314121209 | ||
| LOK | |0 008 050824||||||||||||||||ger||||||| | ||
| LOK | |0 040 |a DE-21-32c |c DE-627 |d DE-21-32c | ||
| LOK | |0 541 |e 82/59 | ||
| LOK | |0 852 |a DE-21-32c | ||
| LOK | |0 852 1 |c E 1818/110 |m p |9 00 | ||
| LOK | |0 935 |a k32c | ||
| LOK | |0 938 |k p | ||
| LOK | |0 939 |a 24-08-05 |b l01 | ||
| LOK | |0 000 xxxxxcx a22 zn 4500 | ||
| LOK | |0 001 3174456975 | ||
| LOK | |0 003 DE-627 | ||
| LOK | |0 004 023881291 | ||
| LOK | |0 005 20160411083811 | ||
| LOK | |0 008 990217||||||||||||||||ger||||||| | ||
| LOK | |0 040 |a DE-21-108 |c DE-627 |d DE-21-108 | ||
| LOK | |0 092 |o l | ||
| LOK | |0 541 |e 974/82 | ||
| LOK | |0 852 |a DE-21-108 | ||
| LOK | |0 852 1 |c Germ Rb 38/215 |m p |9 00 | ||
| LOK | |0 938 |k p | ||
| LOK | |0 939 |a 17-02-99 |b l01 | ||
| LOK | |0 000 xxxxxcx a22 zn 4500 | ||
| LOK | |0 001 3174456983 | ||
| LOK | |0 003 DE-627 | ||
| LOK | |0 004 023881291 | ||
| LOK | |0 005 20071107112930 | ||
| LOK | |0 008 071107||||||||||||||||ger||||||| | ||
| LOK | |0 040 |a DE-21-46 |c DE-627 |d DE-21-46 | ||
| LOK | |0 541 |e 82/171 | ||
| LOK | |0 689 |a s |a Weltgeschichte | ||
| LOK | |0 852 |a DE-21-46 | ||
| LOK | |0 852 1 |c Ci 380/412 |m p |9 00 | ||
| LOK | |0 935 |a k046 |a i046 |a kneu | ||
| LOK | |0 938 |k p | ||
| LOK | |0 939 |a 07-11-07 |b l01 | ||
| LOK | |0 000 xxxxxcx a22 zn 4500 | ||
| LOK | |0 001 3174457009 | ||
| LOK | |0 003 DE-627 | ||
| LOK | |0 004 023881291 | ||
| LOK | |0 005 20081017114047 | ||
| LOK | |0 008 081017||||||||||||||||ger||||||| | ||
| LOK | |0 040 |a DE-21-22 |c DE-627 |d DE-21-22 | ||
| LOK | |0 541 |e 87/819 | ||
| LOK | |0 852 |a DE-21-22 | ||
| LOK | |0 852 1 |c VA 73 / 2 |m p |9 00 | ||
| LOK | |0 935 |a k022 |a kneu | ||
| LOK | |0 938 |k p | ||
| LOK | |0 939 |a 17-10-08 |b l01 | ||
| LOK | |0 000 xxxxxcx a22 zn 4500 | ||
| LOK | |0 001 3174458161 | ||
| LOK | |0 003 DE-627 | ||
| LOK | |0 004 023881291 | ||
| LOK | |0 005 20250823224208 | ||
| LOK | |0 008 190311||||||||||||||||ger||||||| | ||
| LOK | |0 035 |a (DE-Tue135-1)71081 | ||
| LOK | |0 040 |a DE-Tue135-1 |c DE-627 |d DE-Tue135-1 | ||
| LOK | |0 852 |a DE-Tue135-1 | ||
| LOK | |0 852 1 |m p |9 00 | ||
| LOK | |0 866 |x Bibliography no | ||
| LOK | |0 935 |a iMON | ||
| LOK | |0 938 |k p | ||
| LOK | |0 939 |a 11-03-19 |b l12 | ||
| ORI | |a SA-MARC-ixtheoa001.raw | ||
| REF | |a Religionsgeschichte,Studienführer | ||
| REL | |a 1 | ||
| STA | 0 | 0 | |a History studies,History,History,History in art,World history,World history,Global history |
| STB | 0 | 0 | |a Histoire universelle,Histoire universelle,Histoire,Histoire,Histoire,Études d'histoire |
| STC | 0 | 0 | |a Curso de historia,Historia,Historia,Historia,História universal,História universal |
| STD | 0 | 0 | |a Storia del mondo,Storia del mondo,Storia,Storia,Studio universitario della storia |
| STE | 0 | 0 | |a 世界历史,历史,史 |
| STF | 0 | 0 | |a 世界歷史,歷史,史 |
| STG | 0 | 0 | |a Curso de história,História universal,História universal,História,História |
| STH | 0 | 0 | |a Всемирная история (мотив),Всемирная история,Изучение истории (в вузе),История (мотив),История |
| STI | 0 | 0 | |a Ιστορία (μοτίβο),Ιστορία,Παγκόσμια ιστορία (μοτίβο),Παγκόσμια ιστορία,Σπουδές ιστορίας |
| SUB | |a REL | ||
| SYE | 0 | 0 | |a History,Geschichtliche Epoche,Historical development,Historische Entwicklung,Landesgeschichte,Regionalgeschichte,Ortsgeschichte,Zeitgeschichte |
| SYG | 0 | 0 | |a Universalgeschichte,Universalhistorie,Geschichte,Globalgeschichte , Burckhardt, Jacob,1818-1897,Sullo studio della storia,Burckhardt, Jacob,1818-1897,Force and freedom,Burckhardt, Jacob,1818-1897,Meditazioni sulla storia universale,Burckhardt, Jacob,1818-1897,Considerazioni sulla storia del mondo,Burckhardt, Jacob,1818-1897,Wereldhistorische beschouwingen,Burckhardt, Jacob,1818-1897,Considérations sur l'histoire universelle,Burckhardt, Jacob,1818-1897,Oi megaloi tēs istorias,Burckhardt, Jacob,1818-1897,Reflexiones sobre la historia universal,Burckhardt, Jacob,1818-1897,Reflexões sôbre a história,Burckhardt, Jacob,1818-1897,Skepseis gia tēn istoria , Geschichte,Geschichtswissenschaft,Geschichtswissenschaftliches Studium |
| TIM | |a 100018970101_100018971231 |b Geschichte 1897 | ||



